| 000 | 01434cam a22002891i 4500 | ||
|---|---|---|---|
| 003 | SA-RiAUC | ||
| 005 | 20250225080324.0 | ||
| 008 | 250225s2007 le g 000 0 ara c | ||
| 020 | _a9782745152350 | ||
| 040 |
_aSA-BaBAHAU _bara _cSA-RiAUC _erda |
||
| 082 | 0 | 4 |
_a258.2 _qSA-RiAUC |
| 090 |
_a258.2 _b ا ب ن ن |
||
| 100 | 1 |
_aابن ناجي، قاسم بن عيسى بن ناجي، _dتوفي 837 هجري _eمؤلف. |
|
| 245 | 1 | 0 |
_aشرح ابن ناجي التنوخي على متن الرسالة للإمام أبي محمد عبد الله بن عبد الرحمن بن أبي زيد القيرواني / _cقاسم بن عيسى بن ناجي ؛ اعتنى به أحمد فريد المزيدي. |
| 250 | _aالطبعة الأولى. | ||
| 264 | 1 |
_aبيروت : _bدار الكتب العلمية، _c2007 |
|
| 300 | _a2 مجلد (910 صفحة ) | ||
| 336 |
_aنص _btxt _2rdacontent _3كتاب |
||
| 337 |
_aبدون وسيط _bn _2rdamedia |
||
| 338 |
_aمجلد _bnc _2rdacarrier |
||
| 650 | 7 |
_aالفقه المالكي _2aucsh |
|
| 700 | 1 |
_aالمزيدي، أحمد فريد _eمراجع. |
|
| 700 | 1 | 2 |
_aابن أبي زيد القيرواني، عبد الله بن عبد الرحمن بن أبي زيد، _d310-386 هجرى |
| 740 | 0 | 2 | _aرسالة الإمام ابن أبي زيد القيرواني في مذهب الإمام مالك. |
| 942 |
_2ddc _cBOOK _n0 |
||
| 949 |
_aSA-JeALM _d250225 _ueid123 _n1 |
||
| 999 |
_c6211 _d6211 |
||